Normal view
MARC view
- الإختبارات والمقاييس التربوية
Entry Topical Term
001 - CONTROL NUMBER
- control field: 40290
003 - CONTROL NUMBER IDENTIFIER
- control field: JO-AjAnu
005 - DATE AND TIME OF LATEST TRANSACTION
- control field: 20230606080707.0
008 - FIXED-LENGTH DATA ELEMENTS
- fixed length control field: 230606|| aca||aabn | a|a d
040 ## - CATALOGING SOURCE
- Original cataloging agency: JO-AjAnu
- Transcribing agency: JO-AjAnu
150 ## - HEADING--TOPICAL TERM
- Topical term or geographic name entry element: الإختبارات والمقاييس التربوية
670 ## - SOURCE DATA FOUND
- Source citation: Work cat.: (JO-AjAnu)20652: لندفل، س.م مؤلف/الناشف، عبد الملك مترجم/التل، سعيد مترجم, author 40289, أساليب الإختبار والتقويم في التربية والتعليم